The man who laughs /

Bibliographic Details
Main Author: Brubaker, Ed
Other Authors: Kane, Bob
Format: Book
Language:English
Published: New York : DC Comics, [2005]
Subjects:

MARC

Tag First Indicator Second Indicator Subfields
LEADER 00000cam a2200000Ia 4500
001 in00002361920
005 20180226083642.0
008 050228s2005 nyua 000 c eng d
035 |a (OCoLC)ocm57757703 
035 |a (OCoLC)57757703 
040 |a IMF  |c IMF  |d BGU  |d TXA  |d UtOrBLW 
049 |a TXAM 
090 |a PN6728.B36  |b B79 2005 
100 1 |a Brubaker, Ed. 
245 1 4 |a The man who laughs /  |c Ed Brubaker, writer ; Doug Mahnke, Patrick Zircher, pencilers ; Doug Mahnke, Aaron Sowd, Steve Bird, inkers ; Rob Leigh, Todd Klein, letterers ; David Baron, Jason Wright, colorists ; Batman created by Bob Kane. 
246 1 |i At head of title:  |a Batman 
246 1 3 |a Batman the man who laughs 
264 1 |a New York :  |b DC Comics,  |c [2005] 
264 4 |c ©2005 
300 |a 1 volume (unpaged) :  |b color illustrations ;  |c 26 cm. 
336 |a text  |b txt  |2 rdacontent 
337 |a unmediated  |b n  |2 rdamedia 
338 |a volume  |b nc  |2 rdacarrier 
600 0 0 |a Batman  |c (Fictitious character)  |v Comic books, strips, etc. 
600 0 0 |a Joker (Fictitious character)  |v Comic books, strips, etc. 
655 7 |a Graphic novels.  |2 lcgft 
700 1 |a Brubaker, Ed. 
700 1 |a Kane, Bob. 
994 |a C0  |b TXA 
948 |a cataloged  |b h  |c 2008/2/22  |d c  |e blrosas  |f 12:53:13 pm 
999 |a MARS 
999 f f |s 5bd7e395-af99-31f5-bc39-1b3016b7730e  |i 03448fd8-e678-3d39-a098-da9652da65a1  |t 0 
952 f f |p normal  |a Texas A&M University  |b College Station  |c Sterling C. Evans Library  |s Evans stk  |d Evans: Library Stacks  |t 0  |e PN6728.B36 B79 2005  |h Library of Congress classification  |i unmediated -- volume  |m A14837008159 
998 f f |a PN6728.B36 B79 2005  |t 0  |l Evans: Library Stacks